000 00487nam a22001817a 4500
999 _c5394
_d5394
003 GBCCL
005 20241126110540.0
008 180316b ||||| |||| 00| 0 eng d
040 _cgbc
082 _a236
_bSTA
100 _4Stanton, Don E.
245 _aNow and the near future prophesied /
_cDon E. Stanton
260 _aSimla:
_bMaranatha Revival Crusade,
_c1972
300 _a164 p.;
_bill.,
_c18 cm.
650 _aProphecy
_92353
650 _aEschatology
_92009
942 _2ddc
_cBK
_09